Climatología de los territorios españoles del Golfo de Guinea / (Record no. 114070)

MARC details
000 -LEADER
campo de control de longitud fija 01065nam a2200241 4500
001 - NÚMERO DE CONTROL
campo de control 114070
003 - IDENTIFICADOR DE NÚMERO DE CONTROL
campo de control ES-MaACL
005 - FECHA Y HORA DE LA ÚLTIMA TRANSACCIÓN
campo de control 20230906190054.0
007 - CAMPO FIJO DE DESCRIPCIÓN FÍSICA--INFORMACIÓN GENERAL
campo de control de longitud fija t|
008 - DATOS DE LONGITUD FIJA--INFORMACIÓN GENERAL
campo de control de longitud fija 061121s1942 sp r ||||1| spa d
100 1# - ENTRADA PRINCIPAL--NOMBRE DE PERSONA
Nombre de persona Nosti Nava, Jaime.
9 (RLIN) 86020
245 10 - MENCIÓN DEL TÍTULO
Título Climatología de los territorios españoles del Golfo de Guinea /
Mención de responsabilidad, etc. Jaime Nosti Nava.
260 ## - PUBLICACIÓN, DISTRIBUCIÓN, ETC.
Lugar de publicación, distribución, etc. Madrid :
Nombre del editor, distribuidor, etc. Espasa-Calpe,
Fecha de publicación, distribución, etc. 1942.
300 ## - DESCRIPCIÓN FÍSICA
Extensión 67 p., XIII h. pleg. :
Otras características físicas il., mapas ;
Dimensiones 26 cm.
490 1# - MENCIÓN DE SERIE
Mención de serie Publicación / Dirección de Agricultura de los Territorios Españoles del Golfo de Guinea ;
Designación de volumen o secuencia 2
594 ## - Nota al título y mención de responsabilidad
Nota al título y mención de responsabilidad Precede al tít.: Dirección General de Marruecos y Colonias.
651 #4 - PUNTO DE ACCESO ADICIONAL DE MATERIA--NOMBRE GEOGRÁFICO
Nombre geográfico Guinea Ecuatorial-
Subdivisión general Clima.
9 (RLIN) 172155
710 1# - ENTRADA AGREGADA--NOMBRE DE ENTIDAD CORPORATIVA
Nombre de entidad corporativa o nombre de jurisdicción como elemento de entrada España.
Unidad subordinada Dirección General de Marruecos y Colonias.
9 (RLIN) 3752
710 1# - ENTRADA AGREGADA--NOMBRE DE ENTIDAD CORPORATIVA
Nombre de entidad corporativa o nombre de jurisdicción como elemento de entrada España.
Unidad subordinada Dirección de Agricultura de los Territorios Españoles del Golfo de Guinea.
9 (RLIN) 3692
830 1# - PUNTO DE ACCESO ADICIONAL DE SERIE-TÍTULO UNIFORME
Título uniforme Publicación / Dirección de Agricultura de los Territorios Españoles del Golfo de Guinea ;
Designación de volumen o secuencia 2
9 (RLIN) 185745
852 ## - LOCALIZACIÓN
Ubicación ES-MaACL
Número de control de estantería 1840-F-11
Holdings
Estatus retirado Estado de pérdida Estado de daño No para préstamo Colección Biblioteca de origen Biblioteca actual Ubicación en estantería Fecha de adquisición Fuente de adquisición Total de préstamos Signatura topográfica completa Código de barras Visto por última vez Precio de reemplazo Tipo de ítem Koha
        Colección de folletos Biblioteca del Ateneo de Madrid Biblioteca del Ateneo de Madrid Depósito folletos 17/01/2008     1840-F-11 1118961 23/02/2023 23/02/2023 Folleto